Σκηνοθετώντας μια ταινία
Αποθηκεύτηκε σε:
| Κύριος συγγραφέας: | |
|---|---|
| Άλλοι συγγραφείς: | |
| Μορφή: | Βιβλίο |
| Γλώσσα: | Greek English |
| Δημοσίευση: |
Αθήνα :
Πατάκης,
c1998
|
| Θέματα: | |
| Ετικέτες: |
Προσθήκη ετικέτας
Δεν υπάρχουν, Καταχωρήστε ετικέτα πρώτοι!
|
MARC
| LEADER | 00000nam a2200000 i 4500 | ||
|---|---|---|---|
| 001 | 1/70101 | ||
| 008 | 050224s1998 gre d | ||
| 020 | |a 960-378-700-0 | ||
| 035 | |l 10076126 | ||
| 040 | |a GR-MY-UA |b gre |e aacr | ||
| 041 | 1 | |a gre |h eng | |
| 082 | 0 | |a 791.430233 |2 (21) | |
| 100 | 1 | |a Mamet, David. | |
| 245 | 1 | 0 | |a Σκηνοθετώντας μια ταινία / |c Ντέιβιντ Μάμετ ; μετάφραση, ευρετήριο κινηματογραφικών όρων, επίμετρο Νίκος Σαββάτης |
| 260 | |a Αθήνα : |b Πατάκης, |c c1998 | ||
| 300 | |a 149 σ.; |c 21 εκ. | ||
| 500 | |a Τίτλος πρωτοτύπου: On directing film | ||
| 504 | |a Περιλαμβάνει ευρετήριο. | ||
| 650 | 0 | 0 | |a Motion pictures |x Production and direction. |
| 700 | 1 | |a Σαββάτης, Νίκος. |4 trl | |
| 852 | |a INST |b SYROS |e 20050224 |h 791.430233 MAM |p 005500003599 |q 005500003599 |t BK |y 0 | ||
| 901 | |a BIBL5-2005-1 | ||
| 909 | |a Ε |b 116878 | ||
| 922 | |a 5ΕΛΗ |b 200411 |c ΒΙΒΛΙΟΘΗΚΗ ΣΥΡΟΥ |d ΠΛΑΣΤΙΓΓΑ | ||
| 950 | |a 188-2004-11-03 | ||
| 970 | |a ΚΟΝΤΟΥ |b ΠΑΡΑΣΚΕΥΗ |z 2005/02/24 | ||